00659nam a22001697a 4500003000900000008004100009040007100050082001800121100001600139245003200155260004800187300002800235505017600263650001800439650001700457650001500474AR-CdUCM190530b ||||| |||| 00| 0 spa d aMUNICIPALIDAD PROVINCIAL DEL CUSCOcBIBLIOTECA MUNICIPAL DEL CUSCO a615.85 /bK92 aKuhne, Luis aLa nueva ciencia de curar / aBuenos Aires :bCénit,bDescartes,c1955. a187 páginas ;c24 cm. aContenido : Apertura de mi establecimiento -- Revista breve de mis descubrimientos -- Ciencia de la expresión del rostro. Alteraciones de las formas por la enfermedad... aArte de Curar aEnfermedades aAfecciones